Croatia : Background Notes and Statistical Appendix.

This Background Notes paper and Statistical Appendix presents a summary of the Croatian Tax System as of August 1994. The paper discusses the experience with incomes policies in Croatia. It highlights that incomes policy has played an important role in the Croatian stabilization program as the gover...

Descrición completa

Detalles Bibliográficos
Autor Corporativo: International Monetary Fund
Formato: Revista
Idioma:English
Publicado: Washington, D.C. : International Monetary Fund, 1994.
Series:IMF Staff Country Reports; Country Report ; No. 1994/008
Acceso en liña:Full text available on IMF
LEADER 01605cas a2200241 a 4500
001 AALejournalIMF004613
008 230101c9999 xx r poo 0 0eng d
020 |c 5.00 USD 
020 |z 9781451817218 
022 |a 1934-7685 
040 |a BD-DhAAL  |c BD-DhAAL 
110 2 |a International Monetary Fund. 
245 1 0 |a Croatia :   |b Background Notes and Statistical Appendix. 
264 1 |a Washington, D.C. :  |b International Monetary Fund,  |c 1994. 
300 |a 1 online resource (71 pages) 
490 1 |a IMF Staff Country Reports 
500 |a <strong>Off-Campus Access:</strong> No User ID or Password Required 
500 |a <strong>On-Campus Access:</strong> No User ID or Password Required 
506 |a Electronic access restricted to authorized BRAC University faculty, staff and students 
520 3 |a This Background Notes paper and Statistical Appendix presents a summary of the Croatian Tax System as of August 1994. The paper discusses the experience with incomes policies in Croatia. It highlights that incomes policy has played an important role in the Croatian stabilization program as the government has pursued the twofold objective of limiting costs in the public sector and of curbing the wage-price spiral. The paper briefly reviews developments in incomes policy and recent developments in real wages. It also describes the social safety net in Croatia. 
538 |a Mode of access: Internet 
830 0 |a IMF Staff Country Reports; Country Report ;  |v No. 1994/008 
856 4 0 |z Full text available on IMF  |u http://elibrary.imf.org/view/journals/002/1994/008/002.1994.issue-008-en.xml  |z IMF e-Library